Religious myths and rituals in Mecca in the pre-Islamic period and during the early years of Islam : their relations to the reasons behind the Arab's lack of knowledge of the theatre arts (Critical Historical Study) /
Saved in:
| Main Author: | |
|---|---|
| Format: | Thesis |
| Language: | English |
| Published: |
Exeter :
University of Exeter,
2003
|
| Subjects: | |
| Tags: |
Add Tag
No Tags, Be the first to tag this record!
|
| LEADER | 014540000a22003130004500 | ||
|---|---|---|---|
| 008 | 110908t2003 enkab g m 000 0 eng d | ||
| 040 | |a UIAM |b eng | ||
| 043 | |a e-uk--- | ||
| 050 | |a PN1584 | ||
| 100 | 1 | |a Zyoud, Mekhled Nusair | |
| 245 | 1 | |a Religious myths and rituals in Mecca in the pre-Islamic period and during the early years of Islam : |b their relations to the reasons behind the Arab's lack of knowledge of the theatre arts (Critical Historical Study) / |c by Mekhled Nusair Al-Zyoud | |
| 260 | |a Exeter : |b University of Exeter, |c 2003 | ||
| 300 | |a 286 p. : |b ill., maps. ; |c 30 cm. | ||
| 500 | |a "A thesis submitted to the University of Exeter the School of Performance Arts for the degree of Doctor of Philosophy in Theatre." -- On t. p. | ||
| 502 | |a Thesis (Ph. D.) -- University of Exeter, 2003. | ||
| 504 | |a Includes bibliographical references (p. 277-286). | ||
| 596 | |a 1 | ||
| 650 | 0 | |a Performing arts |x Religious aspects | |
| 650 | 0 | |a Theater |x Religious aspects | |
| 650 | 0 | |a Philosophy and religion | |
| 650 | 0 | |a Idols and images |x Worship | |
| 650 | 0 | |a Performing arts |z Arab countries | |
| 650 | 0 | |a Arabs |x Religion | |
| 650 | 0 | |a Mythology, Arab | |
| 650 | 0 | |a Arabs and Islam | |
| 655 | 0 | 7 | |a Theses, Facsimile edition (Islamic) |
| 900 | |a hj-mz to his | ||
| 999 | |c 432464 |d 463643 | ||
| 952 | |0 0 |6 TI PN 001584 Z99R 2003 |7 0 |8 THESES |9 753859 |a IIUM |b IIUM |c MULTIMEDIA |g 640.00 |o ti PN1584 Z99R 2003 |p 00011196626 |r 2017-10-23 |t 1 |v 640.00 |y THESIS | ||
